000 00766nam a22002537a 4500
003 dpl
005 20180807131015.0
008 180807b xxu||||| |||| 00| 0 eng d
010 _aA-712436
020 _c00.00
035 _aA-712436. A-714282
037 _bCen Lib/Ret
040 _aDPL
_bEN
_c0
082 _a306
_bJOS
100 _aJoshi, P. C.
_93611
245 _aCultur, communication and social change /
_cby P. C. Joshi
260 _aNew Delhi
_bVikas Publishing House
_c1989
270 _a576, Masjid Road, Jangpura
_bNew Delhi
_e110014
300 _axiii,300p.
_c20cm(Hb)
500 _aIncludes index
650 _aIndian Renaissance--Culture
_973913
650 _aCommunication Development
_93613
942 _2ddc
_cEN
_h306
_mJOS
999 _c123007
_d123007